Tilastot visalle Jukolan viesti -paikkakunnat

Klikkaa tästä pelataksesi tätä visaa!

Yleistilastot

  • Tätä visaa on pelattu 32 kertaa
  • Keskiarvotulos 44 / 74

Vastaustilastot

VuosiKunta
Nykyinen
maakunta
% Oikein
1949Helsingin mlk /
Sipoo /
Helsinki
Uusimaa
100%
1980RovaniemiLappi
96%
2021RovaniemiLappi
96%
2014KuopioPohjois-Savo
91%
1954LahtiPäijät-Häme
87%
2016LappeenrantaEtelä-Karjala
87%
2023PorvooUusimaa
87%
2013JämsäKeski-Suomi
83%
2017JoensuuPohjois-Karjala
83%
1997JyväskyläKeski-Suomi
83%
2009MikkeliEtelä-Savo
83%
1986TamperePirkanmaa
83%
2008TamperePirkanmaa
83%
2012VantaaUusimaa
83%
1973HämeenlinnaKanta-Häme
78%
1987HollolaPäijät-Häme
78%
2018HollolaPäijät-Häme
78%
1951HollolaPäijät-Häme
78%
2010HyvinkääUusimaa
78%
1981HyvinkääUusimaa
78%
1952Vanaja /
Hämeenlinna
Kanta-Häme
78%
1964JoutsenoEtelä-Karjala
74%
1979LapuaEtelä-Pohjanmaa
74%
2007LapuaEtelä-Pohjanmaa
74%
1950Nurmijärvi /
Helsingin mlk
Uusimaa
74%
1960Kouvola /
Valkeala
Kymenlaakso
70%
1978KuorevesiPirkanmaa
70%
2006SaloVarsinais-Suomi
70%
1995SipooUusimaa
70%
1955KangasalaPirkanmaa
65%
2019KangasalaPirkanmaa
65%
2022MynämäkiVarsinais-Suomi
65%
2015PaimioVarsinais-Suomi
65%
1993PaimioVarsinais-Suomi
65%
1972PaimioVarsinais-Suomi
65%
1957VirolahtiKymenlaakso
65%
1992VirolahtiKymenlaakso
65%
2011VirolahtiKymenlaakso
65%
2005AnjalankoskiKymenlaakso
61%
1989JoutsenoEtelä-Karjala
61%
1963KiikalaVarsinais-Suomi
61%
1953ValkealaKymenlaakso
61%
1967HalikkoVarsinais-Suomi
57%
2001JurvaEtelä-Pohjanmaa
57%
1971VehkalahtiKymenlaakso
57%
2000LiperiPohjois-Karjala
52%
1982LiperiPohjois-Karjala
52%
1988PudasjärviPohjois-Pohjanmaa
52%
1970RiihimäkiKanta-Häme
52%
1956RiihimäkiKanta-Häme
52%
1984Heinolan mlkPäijät-Häme
48%
2004JämijärviSatakunta
48%
1990JuvaEtelä-Savo
48%
1962OrimattilaPäijät-Häme
48%
2002AsikkalaPäijät-Häme
43%
1977RuokolahtiEtelä-Karjala
43%
1996RautavaaraPohjois-Savo
39%
1998SiuntioUusimaa
39%
1976TammisaariUusimaa
39%
1975KankaanpääSatakunta
35%
1994PelkosenniemiLappi
35%
2003SulkavaEtelä-Savo
35%
1999EurajokiSatakunta
30%
1991VimpeliEtelä-Pohjanmaa
30%
1968MäntsäläUusimaa
26%
1966PadasjokiPäijät-Häme
26%
1974PuumalaEtelä-Savo
26%
1958Pyhäjärvi UlUusimaa
22%
1959TyrvääPirkanmaa
22%
1969TyrvääPirkanmaa
22%
1985LaitilaVarsinais-Suomi
17%
1961TammelaKanta-Häme
17%
1965PetäjävesiKeski-Suomi
9%
1983ValkealaKymenlaakso
9%

Tulosjakauma

Persentiili vastausten määrän mukaan

Jokaisen tuloksen saaneiden osuus

Tuloshistoriasi

Et ole pelannut tätä visaa